| 000 | 00000nam##2200000za#4500 |
| 001 | 9.695096 |
| 003 | CaOODSP |
| 005 | 20210624234422 |
| 007 | cr ||||||||||| |
| 008 | 150407|2008||||xxc|||||o f|0| 0 eng|d |
| 040 | |aCaOODSP|beng |
| 043 | |an-cn--- |
| 086 | 1 |aIu86-43/2008E-PDF |
| 110 | 1 |aCanada.|bIndustry Canada. |bCanadian Tourism Commission. |
| 245 | 10|aAboriginal tourism opportunities for Canada - U.K., Germany, France / |h[electronic resource]|cprepared for the Canadian Tourism Commission (CTC) by Insignia. |
| 260 | |bIndustry Canada. |c[2008?]. |
| 300 | |a104p.|btables, photographs |
| 590 | |a11-23-Supp|b2011-10-17 |
| 690 | 07|aOlympic games|2gcpds |
| 690 | 07|aTourism|2gcpds |
| 775 | 08|tPossibilités pour le Canada en matière de tourisme autochtone - Royaume-Uni, Allemagne, France / |w(CaOODSP)9.639245 |
| 856 | 40|ahttp://publications.gc.ca|qPDF|s1867 KB|uhttps://publications.gc.ca/collections/collection_2011/ic/Iu86-43-2008-eng.pdf |